Iron and copper deposits of Kasaan Peninsula, Prince of Wales Island, southeastern Alaska, (Record no. 29605)
[ view plain ]
| 000 -LEADER | |
|---|---|
| fixed length control field | 01178cam a22002891 4500 |
| 001 - CONTROL NUMBER | |
| control field | gs 62000159 |
| 003 - CONTROL NUMBER IDENTIFIER | |
| control field | DLC |
| 005 - DATE AND TIME OF LATEST TRANSACTION | |
| control field | 20260227111411.0 |
| 008 - FIXED-LENGTH DATA ELEMENTS--GENERAL INFORMATION | |
| fixed length control field | 770317s1961 dcuabf b f00010 eng c |
| 010 ## - LIBRARY OF CONGRESS CONTROL NUMBER | |
| LC control number | gs 62000159 //r892 |
| 040 ## - CATALOGING SOURCE | |
| Original cataloging agency | U.S. Geol. Survey. Libr. |
| Transcribing agency | ak |
| Modifying agency | DLC |
| 043 ## - GEOGRAPHIC AREA CODE | |
| Geographic area code | n-us-ak |
| 050 0# - LIBRARY OF CONGRESS CALL NUMBER | |
| Classification number | QE75 |
| Item number | .B9 no. 1090 |
| 051 ## - LIBRARY OF CONGRESS COPY, ISSUE, OFFPRINT STATEMENT | |
| Classification number | TN403.A63 |
| Item number | W3 |
| Copy information | Copy 2. |
| 100 10 - MAIN ENTRY--PERSONAL NAME | |
| Personal name | Warner, Lawrence Allen, |
| Dates associated with a name | 1914- |
| 245 00 - TITLE STATEMENT | |
| Title | Iron and copper deposits of Kasaan Peninsula, Prince of Wales Island, southeastern Alaska, |
| Statement of responsibility, etc. | by L. A. Warner, E. N. Goddard, and others. |
| 260 0# - PUBLICATION, DISTRIBUTION, ETC. | |
| Place of publication, distribution, etc. | Washington, |
| Name of publisher, distributor, etc. | U.S. Govt. Print. Off., |
| Date of publication, distribution, etc. | 1961. |
| 300 ## - PHYSICAL DESCRIPTION | |
| Extent | vii, 136 p. |
| Other physical details | illus., maps, diagrs., tables. and portfolio (24 fold. plates (part col.)) |
| Dimensions | 25 cm. |
| 490 1# - SERIES STATEMENT | |
| Series statement | United States. Geological Survey. Bulletin |
| Volume/sequential designation | 1090 |
| 504 ## - BIBLIOGRAPHY, ETC. NOTE | |
| Bibliography, etc. note | Bibliography: p. 132-133. |
| 650 #0 - SUBJECT ADDED ENTRY--TOPICAL TERM | |
| Topical term or geographic name entry element | Ore deposits |
| Geographic subdivision | Alaska |
| -- | Kasaan Peninsula. |
| 650 #0 - SUBJECT ADDED ENTRY--TOPICAL TERM | |
| Topical term or geographic name entry element | Iron mines and mining |
| Geographic subdivision | Alaska |
| -- | Kasaan Peninsula. |
| 650 #0 - SUBJECT ADDED ENTRY--TOPICAL TERM | |
| Topical term or geographic name entry element | Copper mines and mining |
| Geographic subdivision | Alaska |
| -- | Kasaan Peninsula. |
| 740 #1 - ADDED ENTRY--UNCONTROLLED RELATED/ANALYTICAL TITLE | |
| Uncontrolled related/analytical title | Kasaan Peninsula, Prince of Wales Island, southeastern Alaska. |
| 830 #0 - SERIES ADDED ENTRY--UNIFORM TITLE | |
| Uniform title | Geological Survey bulletin ; |
| Volume/sequential designation | 1090. |
No items available.